000
00320nam a22001457a 4500
008
221012b ||||| |||| 00| 0 eng d
020
_a
099455540087
041
_a
eng
080
_a
575
082
_a
575 ATK
100
_a
15.1
101
_a
IMU
245
_a
ATKINS DIABETES REVOLUTION
_c
ATKINS R
942
_2
udc
_c
BK
999
_c
58523
_d
58523